| 000 | 00356nam a22000977a 4500 | ||
|---|---|---|---|
| 008 | 150616b xxu||||| |||| 00| 0 eng d | ||
| 010 | _8HCCRSF:002 | ||
| 245 | _aHIGH COURT CRIMINAL SESSION NO.148 0F 1969 Uganda Vs 1. James Kibuka 2. Amisi Masembe 3. Charles Setwala 4.Yoweri Siwe | ||
| 260 | _aHigh Court Kampala | ||
| 500 | _3BEFORE: Hon. Mr. Justice W.H. Goudie | ||
| 999 |
_c6254 _d6254 |
||